01328cam a2200313 a 45000010008000000030004000080050017000120080041000290100017000700200022000870200022001090200022001310400018001530500021001710820016001922450098002082600049003063000027003555000064003825000082004465040041005285050137005696500057007067000024007637100047007877100055008347400036008898560089009254696009OSt20170123154517.0820503m19831994flua b 001 0 eng  a 82004552  a0849339014 (v. 1) a0849339022 (v. 2) a0849339030 (v. 3) aDLCcDLCdDLC00aTJ1075b.C7 198400a621.8/921900aCRC handbook of lubrication :btheory and practice of tribology /ceditor, E. Richard Booser. aBoca Raton, Fla. :bCRC Press,cc1983-c1994. a3 v. :bill. ;c26 cm. aSponsored by the American Society of Lubrication Engineers. a"Sponsored by the Society of Tribologists and Lubrication Engineers"--Vol. 3. aIncludes bibliographies and indexes.0 av. 1. Application and maintenance -- v. 2. Theory and design -- v. 3. Monitoring, materials, synthetic lubricants, and applications. 0aLubrication and lubricantsxHandbooks, manuals, etc.1 aBooser, E. Richard.2 aAmerican Society of Lubrication Engineers.2 aSociety of Tribologists and Lubrication Engineers.0 aC.R.C. handbook of lubrication.423Publisher descriptionuhttp://www.loc.gov/catdir/enhancements/fy0729/82004552-d.html